<?xml version="1.0" encoding="UTF-8"?><marc:collection xmlns:marc="http://www.loc.gov/MARC21/slim">
  <marc:record>
    <marc:leader>00000nam##2200000za#4500</marc:leader>
    <marc:controlfield tag="001">9.639804</marc:controlfield>
    <marc:controlfield tag="003">CaOODSP</marc:controlfield>
    <marc:controlfield tag="005">20240219175629</marc:controlfield>
    <marc:controlfield tag="007">cr |||||||||||</marc:controlfield>
    <marc:controlfield tag="008">150407|2000||||xxc|||||o    f|0| 0 fre|d</marc:controlfield>
    <marc:datafield tag="040" ind1=" " ind2=" ">
      <marc:subfield code="a">CaOODSP</marc:subfield>
      <marc:subfield code="b">fre</marc:subfield>
    </marc:datafield>
    <marc:datafield tag="043" ind1=" " ind2=" ">
      <marc:subfield code="a">n-cn---</marc:subfield>
    </marc:datafield>
    <marc:datafield tag="086" ind1="1" ind2=" ">
      <marc:subfield code="a">D2-126/2000F-PDF</marc:subfield>
    </marc:datafield>
    <marc:datafield tag="110" ind1="2" ind2=" ">
      <marc:subfield code="a">R et D pour la défense Canada.</marc:subfield>
    </marc:datafield>
    <marc:datafield tag="245" ind1="1" ind2="0">
      <marc:subfield code="a">Stratégie d'investissement technologique pour les deux prochaines décennies </marc:subfield>
      <marc:subfield code="h">[ressource électronique]</marc:subfield>
    </marc:datafield>
    <marc:datafield tag="260" ind1=" " ind2=" ">
      <marc:subfield code="a">Ottawa - Ontario : </marc:subfield>
      <marc:subfield code="b">Défense nationale. </marc:subfield>
      <marc:subfield code="c">[2000].</marc:subfield>
    </marc:datafield>
    <marc:datafield tag="300" ind1=" " ind2=" ">
      <marc:subfield code="a">80p.</marc:subfield>
      <marc:subfield code="b">figures, références, tableaux, photographies</marc:subfield>
    </marc:datafield>
    <marc:datafield tag="500" ind1=" " ind2=" ">
      <marc:subfield code="a">«Recherche et développement pour la défense Canada (RDDC) a le plaisir de présenter sa Stratégie d'investissement technologique (SIT) pour l'avenir. L'objectif de la stratégie est de garantir que les futures FC demeurent préparées et à jour sur le plan technologique. Les 21 activités de R et D décrites dans la stratégie ont été conçus de façon à être en accord avec la Stratégie de défense 2020, à titre d'investissements technologiques.»-- Verso de la couverture.</marc:subfield>
    </marc:datafield>
    <marc:datafield tag="520" ind1="3" ind2=" ">
      <marc:subfield code="a">Recherche et développement pour la défense Canada (RDDC) a le plaisir de présenter sa Stratégie d'investissement technologique (SIT) pour l'avenir. L'objectif de la stratégie est de garantir que les futures FC demeurent préparées et à jour sur le plan technologique. Les 21 activités de R et D décrites dans la stratégie ont été conçus de façon à être en accord avec la Stratégie de défense 2020, à titre d'investissements technologiques.-- Verso de la couverture</marc:subfield>
    </marc:datafield>
    <marc:datafield tag="590" ind1=" " ind2=" ">
      <marc:subfield code="a">12-13-Supp</marc:subfield>
      <marc:subfield code="b">2012-04-03</marc:subfield>
    </marc:datafield>
    <marc:datafield tag="691" ind1="0" ind2="7">
      <marc:subfield code="a">Technologie militaire</marc:subfield>
      <marc:subfield code="2">gcpds</marc:subfield>
    </marc:datafield>
    <marc:datafield tag="691" ind1="0" ind2="7">
      <marc:subfield code="a">Investissement</marc:subfield>
      <marc:subfield code="2">gcpds</marc:subfield>
    </marc:datafield>
    <marc:datafield tag="775" ind1="0" ind2="8">
      <marc:subfield code="t">Technology investment strategy for the next two decades </marc:subfield>
      <marc:subfield code="w">(CaOODSP)9.695671</marc:subfield>
    </marc:datafield>
    <marc:datafield tag="856" ind1="4" ind2="0">
      <marc:subfield code="a">http://publications.gc.ca</marc:subfield>
      <marc:subfield code="q">PDF</marc:subfield>
      <marc:subfield code="s">887 Ko</marc:subfield>
      <marc:subfield code="u">https://publications.gc.ca/collections/Collection/D2-126-2000F.pdf</marc:subfield>
    </marc:datafield>
  </marc:record>
</marc:collection>
